[Event "Benidorm op U2000 12th"]
[Site "Benidorm"]
[Date "2013.12.01"]
[Round "3"]
[White "Talavera Moya, Salvador"]
[Black "Plaza Rodriguez, Ladislao"]
[Result "1-0"]
[WhiteElo "1595"]
[BlackElo "1644"]
[PlyCount "75"]
[EventDate "2013.11.29"]
[EventType "swiss"]
[EventRounds "10"]
[EventCountry "ESP"]
[SourceTitle "CBM 157 Extra"]
[Source "ChessBase"]
[SourceDate "2013.12.19"]
[SourceVersion "1"]
[SourceVersionDate "2013.12.19"]
[SourceQuality "1"]

1. d4 d5 2. c4 e6 3. Nc3 Bb4 4. Qc2 Nf6 5. Bg5 0-0 6. Nf3 Nc6 7. e3 Re8 8. a3 Be7 9. cxd5 exd5 10. Bd3 g6 11. 0-0 Bg4 12. Be2 a6 13. h3 Bxf3 14. Bxf3 Na5 15. Bxf6 Bxf6 16. Nxd5 Nc6 17. Nxf6+ Qxf6 18. Rac1 Re6 19. d5 Re5 20. dxc6 b6 21. b4 Rg5 22. Kh1 Re8 23. Rcd1 Rf5 24. Rd7 Rxf3 25. gxf3 Qxf3+ 26. Kh2 Re4 27. Qc3 Re8 28. Qc4 b5 29. Qf4 Qxf4+ 30. exf4 Re4 31. Kg3 Rc4 32. Rxc7 Rc3+ 33. f3 Rxa3 34. Ra7 Rc3 35. c7 Kf8 36. Ra8+ Ke7 37. c8Q Rxc8 38. Rxc8 1-0